Normal view
MARC view
Entry Personal Name
001 - CONTROL NUMBER
- control field: 14485
003 - CONTROL NUMBER IDENTIFIER
- control field: BD-RjUL
005 - DATE AND TIME OF LATEST TRANSACTION
- control field: 20241201123740.0
008 - FIXED-LENGTH DATA ELEMENTS
- fixed length control field: 241201|| aca||aabn | a|a d
040 ## - CATALOGING SOURCE
- Original cataloging agency: BD-RjUL
- Transcribing agency: BD-RjUL
100 ## - HEADING--PERSONAL NAME
- Personal name: আযাদ, আবুল কালাম
- Titles and other words associated with a name: মাওলানা
- Dates associated with a name: ১৮৮৮-১৯৫৮ খ্রি.
- General subdivision: জীবনী
670 ## - SOURCE DATA FOUND
- Source citation: Work cat.: (BD-RjUL)84395: ইসলাম, মোহা. আমিনুল 14484, মাওলানা আবুল কালাম আযাদ :, ২০২৩